Film and photography for historic houses and gardens. (Record no. 86467)

MARC details
000 -LEADER
fixed length control field 00667cam a2200253 4500
008 - FIXED-LENGTH DATA ELEMENTS--GENERAL INFORMATION
fixed length control field 090401t1995 xxu||||| |||| 00| 0 eng d
020 ## - INTERNATIONAL STANDARD BOOK NUMBER
International Standard Book Number 0952548208
035 ## - SYSTEM CONTROL NUMBER
System control number (Sirsi) u7982
041 ## - LANGUAGE CODE
Language code of text/sound track or separate title eng
050 ## - LIBRARY OF CONGRESS CALL NUMBER
Classification number 778.5
100 ## - MAIN ENTRY--PERSONAL NAME
Personal name Hudson, Norman
245 ## - TITLE STATEMENT
Title Film and photography for historic houses and gardens.
260 ## - PUBLICATION, DISTRIBUTION, ETC.
Place of publication, distribution, etc. London
Name of publisher, distributor, etc. Historic Houses Association
Date of publication, distribution, etc. 1995
300 ## - PHYSICAL DESCRIPTION
Extent 98p. ; ill. ; 21cm.
350 ## - PRICE (NR) (BK AM CF MU VM SE) [OBSOLETE]
Price 17.19
650 ## - SUBJECT ADDED ENTRY--TOPICAL TERM
Topical term or geographic name entry element Contracts
9 (RLIN) 6232
650 ## - SUBJECT ADDED ENTRY--TOPICAL TERM
Topical term or geographic name entry element FILM LOCATIONS
650 ## - SUBJECT ADDED ENTRY--TOPICAL TERM
Topical term or geographic name entry element FILMING
650 ## - SUBJECT ADDED ENTRY--TOPICAL TERM
Topical term or geographic name entry element HISTORIC HOUSES
690 ## - LOCAL SUBJECT ADDED ENTRY--TOPICAL TERM (OCLC, RLIN)
Topical term or geographic name as entry element CONSERVATION
710 ## - ADDED ENTRY--CORPORATE NAME
Corporate name or jurisdiction name as entry element Historic Houses Association
9 (RLIN) 2072
942 ## - ADDED ENTRY ELEMENTS (KOHA)
Suppress in OPAC 0
948 ## - LOCAL PROCESSING INFORMATION (OCLC); SERIES PART DESIGNATOR (RLIN)
c (OCLC) 04/03/1997
Holdings
Withdrawn status Lost status Source of classification or shelving scheme Damaged status Not for loan Home library Current library Shelving location Date acquired Cost, normal purchase price Total Checkouts Full call number Barcode Date last seen Date last checked out Copy number Cost, replacement price Price effective from Koha item type
    Dewey Decimal Classification     London London Books 11/08/1995 17.19 1 778.5 30046320 06/08/2019 23/04/2002 1 17.19 06/08/2019 Book